Fate/Grand Order Servants and Enemies with the Saberface Trait - Statistics

General Stats
  • This quiz has been taken 12 times
  • The average score is 22 of 37
Answer Stats
Answer % Correct
Jeanne d'Arc
89%
Jeanne d'Arc Alter
89%
Summer Jeanne d'Arc
89%
Summer Jeanne d'Arc Alter
89%
Artoria Pendragon
78%
Artoria Pendragon Alter
78%
Artoria Pendragon Alter (Lancer)
78%
Artoria Pendragon (Lancer)
78%
Mordred
78%
Mysterious Heroine X
78%
Nero Claudius
78%
Nero Claudius (Bride)
78%
Summer Artoria Pendragon
78%
Summer Artoria Pendragon Alter
78%
Summer Artoria Pendragon (Lancer)
78%
Summer Mordred
78%
Summer Nero Claudius
78%
Artoria Pendragon Lily
67%
Okita J Soji
67%
Okita Soji
67%
Okita Soji Alter
67%
Summer Okita Soji Alter
67%
Aesc the Savior/Summer Morgan
56%
Artoria Caster
56%
Morgan
56%
Mysterious Heroine X Alter
56%
Summer Artoria Caster
56%
Mysterious Heroine XX
44%
Mysterious Idol X Alter
44%
Artoria Pendragon Santa Alter
33%
Mysterious Heroine XX Alter
33%
Draco
22%
Jeanne d'Arc Alter Santa Lily
22%
Lord Logres
22%
Gray
11%
Metatron Jeanne
11%
Lakshmibai
0%
No matching quizzes found
Score Distribution
Percent of People with Each Score
Percentile by Number Answered
Your Score History
You have not taken this quiz